Software quality assurance : (Record no. 22993)
[ view plain ]
| 000 -LEADER | |
|---|---|
| fixed length control field | 01201cam a22002775a 4500 |
| 001 - CONTROL NUMBER | |
| control field | 11721455 |
| 005 - DATE AND TIME OF LATEST TRANSACTION | |
| control field | 20161102132449.0 |
| 008 - FIXED-LENGTH DATA ELEMENTS--GENERAL INFORMATION | |
| fixed length control field | 151203t2016 ne a frbd 001 0 eng d |
| 020 ## - INTERNATIONAL STANDARD BOOK NUMBER | |
| International Standard Book Number | 9780128023013 |
| 040 ## - CATALOGING SOURCE | |
| Original cataloging agency | MiAaPQ |
| Language of cataloging | eng |
| Description conventions | pn |
| Transcribing agency | MiAaPQ |
| Modifying agency | MiAaPQ |
| -- | WaSeSS |
| -- | EG-ScBUE |
| 082 04 - DEWEY DECIMAL CLASSIFICATION NUMBER | |
| Classification number | 005.10685 |
| Edition number | 22 |
| Item number | SOF |
| 245 00 - TITLE STATEMENT | |
| Title | Software quality assurance : |
| Remainder of title | in large scale and complex software-intensive systems / |
| Statement of responsibility, etc | edited by Ivan Mistrik ... [et al.] |
| 260 ## - PUBLICATION, DISTRIBUTION, ETC. (IMPRINT) | |
| Place of publication, distribution, etc | Waltham : |
| Name of publisher, distributor, etc | Morgan Kaufmann / Elsevier, |
| Date of publication, distribution, etc | c.2016. |
| 300 ## - PHYSICAL DESCRIPTION | |
| Extent | xlii, 373 p. : |
| Other physical details | ill. ; |
| Dimensions | 24 cm. |
| 500 ## - GENERAL NOTE | |
| General note | Glossary : p. 347-355. |
| 504 ## - BIBLIOGRAPHY, ETC. NOTE | |
| Bibliography, etc | Includes bibliographical references and indexes. |
| 506 ## - RESTRICTIONS ON ACCESS NOTE | |
| Terms governing access | License restrictions may limit access. |
| 650 #7 - SUBJECT ADDED ENTRY--TOPICAL TERM | |
| Topical term or geographic name as entry element | Computer software |
| General subdivision | Quality control. |
| Source of heading or term | BUEsh |
| 9 (RLIN) | 4818 |
| 651 ## - SUBJECT ADDED ENTRY--GEOGRAPHIC NAME | |
| Source of heading or term | BUEsh |
| 653 ## - INDEX TERM--UNCONTROLLED | |
| Resource For college | Informatics and Computer Science |
| Arrived date list | November2016 |
| 700 1# - ADDED ENTRY--PERSONAL NAME | |
| Personal name | Mistrík, Ivan, |
| Relator term | editor. |
| 9 (RLIN) | 40884 |
| 773 #0 - HOST ITEM ENTRY | |
| Title | Safari Technical Books (Current File) |
| 773 #0 - HOST ITEM ENTRY | |
| Title | eBook - Computer Science 2015 [EBCCS15] |
| 776 08 - ADDITIONAL PHYSICAL FORM ENTRY | |
| Display text | Print version: |
| Title | Software quality assurance : in large scale and complex software-intensive systems. |
| Place, publisher, and date of publication | Amsterdam, [Netherlands] : Morgan Kaufmann, c2016 |
| Physical description | xlii, 373 pages |
| International Standard Book Number | 9780128023013 |
| 942 ## - ADDED ENTRY ELEMENTS (KOHA) | |
| Source of classification or shelving scheme | Dewey Decimal Classification |
| Withdrawn status | Item status | Source of classification or shelving scheme | Damaged status | Not for loan | Vendor | Home library | Current library | Shelving location | Date acquired | Source of acquisition | Cost, normal purchase price | Serial Enumeration / chronology | Total Checkouts | Full call number | Barcode | Date last seen | Cost, replacement price | Koha item type |
|---|---|---|---|---|---|---|---|---|---|---|---|---|---|---|---|---|---|---|
| Dewey Decimal Classification | Baccah | Central Library | Central Library | Lower Floor | 02/11/2016 | Purchase | 1140.00 | 25137 | 005.10685 SOF | 000034596 | 15/07/2025 | 1425.00 | Book - Borrowing |